Famous Richard(s) Quiz Stats

 Plays Quiz not verified by Sporcle

Support Sporcle.
Go Orange.
Score 0/10 Timer 00:30
0 Plays Today
Hint Answer % Correct
First 500 goal scorer in NHL historyMaurice Richard
82.2%
Third highest selling UK pop starCliff Richard
82.2%
Final king of the English House of YorkRichard III
80%
Leader of the Christian forces in the Third CrusadeRichard I
80%
He played Kramer on SeinfeldMichael Richards
64.4%
Longtime Rolling Stones guitaristKeith Richards
64.4%
Governor of Texas (1991-1995)Ann Richards
64.4%
Bond girl in 'The World Is Not Enough'Denise Richards
53.3%
Founder and leader of the Fantastic FourReed Richards
48.9%
Youngest defender ever called up for English national football teamMicah Richards
40%

You're not logged in!

Compare scores with friends on all Sporcle quizzes.
OR
Log In

From the Vault

Build-a-Painting

by petenge

Well if you're trying to construct your painting with bricks and concrete, that might be your first problem.
Remove Ads.
Support Sporcle.
Get the best of Sporcle when you Go Orange. This ad-free experience offers more features, more stats, and more fun while also helping to support Sporcle. Thank you for becoming a member.

Show Comments

Extras

Created Oct 28, 2013ReportNominate
Tags:Famous Quiz, richard

Top Quizzes Today


Score Distribution

Your Account Isn't Verified!

In order to create a playlist on Sporcle, you need to verify the email address you used during registration. Go to your Sporcle Settings to finish the process.

Report this User

Report this user for behavior that violates our Community Guidelines.

Details: